Uplatňovanie výpočtových systémov v riadení investičného procesu aplikácia na tvorbu databázy vybraných ukazovateľov za výrobné jednotky v ľahkom a ťažkom priemysle SSR
Gespeichert in:
| Format: | Buch |
|---|---|
| Sprache: | Slowakisch |
| Veröffentlicht: |
Bratislava
Vysoká škola ekonomická
1983
|
| Tags: |
Keine Tags, Fügen Sie das erste Tag hinzu!
|
MARC
| LEADER | 00000nam a2200000 4500 | ||
|---|---|---|---|
| 001 | c116471 | ||
| 005 | 20250709071913.0 | ||
| 041 | 0 | |a slo | |
| 044 | |a SK | ||
| 245 | 1 | 0 | |a Uplatňovanie výpočtových systémov v riadení investičného procesu |b aplikácia na tvorbu databázy vybraných ukazovateľov za výrobné jednotky v ľahkom a ťažkom priemysle SSR |
| 264 | 1 | |a Bratislava |b Vysoká škola ekonomická |c 1983 | |
| 300 | |a 62 s. | ||